Responses for Show #2051 - Monday, July 5, 1993

Ed Schiffer game 1.
The Merv Griffin Enterprises logo appears on the game board after the credits.

Contestants

[<< previous game]

Phil Bentley, a rabbi originally from Chicago, Illinois

Ed Schiffer, a college lecturer originally from New York City, New York

Camille Calman, a researcher and writer from New York City, New York (whose 2-day cash winnings total $30,701)

[next game >>]

Jeopardy! Round responses

GENERAL SCIENCE
NURSERY RHYMES
GEMS & JEWELRY
THE 1850s
POTENT POTABLES
ABBREVIATIONS
    $100 8
(Camille: What is hydrogen?)
(Ed: What is salt?)
(Phil: [Without ringing in] What is [*]?)
(Alex: You have to ring in, Phil.)
[Phil rings in]

water

CamilleEdPhil
    $100 1
Have you any wool?

Ed
    $100 16
a ring

Phil
    $100 2
Levi Strauss

Camille
    $100 6
peach

Phil
    $100 24
April

Camille
    $200 17
igneous

Camille
    $200 3
Simple Simon

Camille
    $200 18
emerald

Ed
    $200 9
"Jingle Bells"

Ed
    $200 7
rum

Ed
    $200 25
N.

Camille
    $300 19
(Ed: What is ultraviolet?)

infrared

CamilleEd
    $300 4
lays eggs

Camille
    $300 20
ruby

Ed
    $300 10
(Robert) Bunsen

Phil
    $300 13
Collins

Phil
    $300 26
second

Ed
    $400 28
geriatrics

Ed
    $400 5
Marjorie Daw

Phil
    $400 21
pearls

Camille
    $400 11
Niagara Falls

Ed
    $400 14
gin & vermouth

Camille
    $400 27
est.

Phil
    $500 29
(Camille: What are gold and platinum?)

gold & silver

CamillePhil
    $500 15
bread & butter

Camille
    $500 22
lapis lazuli

Ed
    $500 12
Millard Fillmore

Ed
    $500 23
licorice

Camille
    $500 30
a political action committee

Camille

Scores at the first commercial break (after clue 15):

Camille Ed Phil
$1,400 $1,300 $1,200

Scores at the end of the Jeopardy! Round:

Camille Ed Phil
$3,100 $2,700 $2,200

Double Jeopardy! Round responses

THE BIBLE
THE 50 STATES
TELEVISION
MUSIC
RULERS
DUTCH BUSINESS & INDUSTRY
    $200 1
Adam & Eve

Ed
    $200 2
(Ed: What is Illinois?)

Nebraska

EdPhil
    $200 11
bars

Ed
    $200 18
jazz

Phil
    $200 17
(Alex: L'État, c'est moi, you're right.)

Louis XIV

Phil
    $200 13
(Phil: What are diamonds?)

flowers

EdPhil
    $400 3
Noah

Phil
    $400 5
Ohio

Ed
    $400 12
(Ed: What is uncle?)

grandfather

EdPhil
    $400 19
The Sorcerer's Apprentice

Phil
    $400 22
Haile Selassie

Phil
    $400 24
soap

Ed
    $600 4
the fatted calf

Ed
    $600 6
New Mexico

Ed
    $600 14
The Naked City

Ed
    $600 20
a violin

Phil
    $600 28
Kamehameha

Ed
    $600 25
Heineken

Phil
    $800 9
rain

Triple Stumper
    $800 7
South Dakota

Ed
    $800 15
dentist

Camille
    $800 21
Jenny Lind

Ed
    $800 29
(Phil: Who was Charlemagne?)

Pepin the Short

Phil
Triple Stumper
    $800 26
KLM

Phil
    $1000 10
the Lamentations

Ed
    $1000 8
Rhode Island

Phil
    $1000 16
(Ed: Who is Teeg Andrews?)
...
(Alex: Dana Andrews's younger brother is [*]. Tige Andrews is another actor.)

Steve Forrest

Ed
Triple Stumper
    $1,200 23
Johann Sebastian Bach

Phil
    $1000 30
Tonga

Phil
    $2,000 27
(Phil: What is Norelco?)

Phillips

Phil

Scores at the end of the Double Jeopardy! Round:

Camille Ed Phil
$3,900 $7,500 $6,600

[wagering suggestions for these scores]

Final Jeopardy! Round responses

FICTIONAL CHARACTERS
(Alex: [Revealing Camille's response] Who is this fictional character referred to in our clue? Who is [*]? Said to be--have been inspired by the life of Selkirk himself.)
CamilleWho is Robinson Crusoe?
$3,900
PhilWho is Robinson Crusoe
$1,201
EdWho is Robinson Crusoe?
$5,701
Robinson Crusoe

Final scores:

Camille Ed Phil
$7,800 $13,201 $7,801
3rd place: Towle silversmiths beaded antique stainless flatware, service for 8, & 6 serving pieces + Jeopardy! & Wheel of Fortune games for the Super Nintendo Entertainment System and the Sega Genesis system New champion: $13,201 2nd place: Bassett's Legend dining room set + Shonbek chandelier

Game dynamics:

Coryat scores:

Camille Ed Phil
$3,900 $7,500 $8,400
13 R,
2 W
22 R
(including 1 DD),
5 W
21 R
(including 1 DD),
3 W
(including 1 DD)

Combined Coryat: $19,800

[game clues] [game scores] [suggest correction]

Game tape date: 1993-02-09
The J! Archive is created by fans, for fans. Scraping, republication, monetization, and malicious use prohibited; this site may use cookies and collect identifying information. See terms. The Jeopardy! game show and all elements thereof, including but not limited to copyright and trademark thereto, are the property of Jeopardy Productions, Inc. and are protected under law. This website is not affiliated with, sponsored by, or operated by Jeopardy Productions, Inc. Join the discussion at JBoard.tv.